Short-wavelength diffraction theory : (Record no. 183961)

000 -LEADER
fixed length control field 01661 a2200277 4500
003 - CONTROL NUMBER IDENTIFIER
control field Nust
005 - DATE AND TIME OF LATEST TRANSACTION
control field 20221201090259.0
010 ## - LIBRARY OF CONGRESS CONTROL NUMBER
LC control number 89011374
020 ## - INTERNATIONAL STANDARD BOOK NUMBER
International Standard Book Number 0387191895 (Springer-Verlag New York Berlin Heidelberg)
020 ## - INTERNATIONAL STANDARD BOOK NUMBER
International Standard Book Number 3540191895 (Springer-Verlag Berlin Heidelberg New York)
040 ## - CATALOGING SOURCE
Transcribing agency Nust
082 00 - DEWEY DECIMAL CLASSIFICATION NUMBER
Classification number 535.4,BAB
100 1# - MAIN ENTRY--PERSONAL NAME
Personal name Babich, V. M.
9 (RLIN) 103846
245 10 - TITLE STATEMENT
Title Short-wavelength diffraction theory :
Remainder of title asymptotic methods /
Statement of responsibility, etc. V.M. Babic V.S. Buldyrev ; translated by E.F. Kuester.
260 ## - PUBLICATION, DISTRIBUTION, ETC.
Place of publication, distribution, etc. Berlin ;
-- New York :
Name of publisher, distributor, etc. Springer-Verlag,
Date of publication, distribution, etc. c1991.
300 ## - PHYSICAL DESCRIPTION
Extent xi, 445 p. :
Other physical details ill. ;
Dimensions 24 cm.
490 1# - SERIES STATEMENT
Series statement Springer series on wave phenomena ;
Volume/sequential designation v. 4
505 ## - FORMATTED CONTENTS NOTE
Formatted contents note The Ray Method (Page-1), The field near a Caustic (Page-42), Derivation of Asymptotic Formulas for Eigenvalues and Eigenfunctions Using the Ray Method (Page-66), The Ray Method in the Small (Page-97), The Parabolic Equations’ Method (Page-131), Asymptotic Expansions of Eigenfunctions Concentrated (Page-145), Eigenfunctions Concentrated in the Neighborhood (Page-180), Eigenfunctions Concentrated in the Vicinity of Closed Geodesic (Page-214) Multiple Mirror Resonate (Page-258), The field of a point Source Located Near A Convex Curve (Page-285), Asymptotic Expansion of the green Functions (Page-306), The High Frequency Asymptotic of the field Scartted by Smooth Body (357).
650 #0 - SUBJECT ADDED ENTRY--TOPICAL TERM
Topical term or geographic name entry element Asymptotic expansions.
9 (RLIN) 103847
650 #0 - SUBJECT ADDED ENTRY--TOPICAL TERM
Topical term or geographic name entry element Eigenfunctions.
9 (RLIN) 103848
650 #0 - SUBJECT ADDED ENTRY--TOPICAL TERM
Topical term or geographic name entry element X-rays
General subdivision Diffraction.
700 1# - ADDED ENTRY--PERSONAL NAME
Personal name Buldyrev, V. S.
9 (RLIN) 103849
740 0# - ADDED ENTRY--UNCONTROLLED RELATED/ANALYTICAL TITLE
Uncontrolled related/analytical title Shortwave diffraction theory.
830 #0 - SERIES ADDED ENTRY--UNIFORM TITLE
Uniform title Springer series on wave phenomena ;
9 (RLIN) 103850
942 ## - ADDED ENTRY ELEMENTS (KOHA)
Source of classification or shelving scheme
Koha item type Book
Call number prefix 535.4,BAB
Holdings
Withdrawn status Lost status Source of classification or shelving scheme Damaged status Not for loan Permanent Location Current Location Shelving location Date acquired Full call number Barcode Date last seen Price effective from Koha item type Public note
          Military College of Signals (MCS) Military College of Signals (MCS) General Stacks 12/12/2016 535.4,BAB MCS5156 12/08/2016 12/12/2016 Book Almirah No.16, Shelf No.3
© 2023 Central Library, National University of Sciences and Technology. All Rights Reserved.